000 00313 a2200121 4500
000 nam a22 7a 4500
005 20260226151021.0
020 _a9789348433749
100 _aBibhuti Bhusan Mohapatra
_91116781
245 _aDimensions of Vedic Studies
260 _bShivalik Prakashan
_c2025
942 _cTEXL
999 _c1680284
_d1680284